International encyclopedia of robotics : applications and automation /

Bibliographic Details
Other Authors: Dorf, Richard C., Nof, Shimon Y., 1946-
Format: Book
Language:English
Published: New York : Wiley, [1988]
Subjects:

MARC

Tag First Indicator Second Indicator Subfields
LEADER 00000cam a2200000 a 4500
001 in00000036269
005 20151007055427.0
008 871230s1988 nyua be 00100 eng
010 |a  87037264  
020 |a 0471878685 (set) 
035 |a (OCoLC)17354490 
035 |9 AAB8214AM 
040 |a DLC  |c DLC  |d TXA  |d UtOrBLW 
049 |a TXAF  |v 1 [A12555301]  |v 2 [A12555351]  |v 3 [A12555408] 
050 0 0 |a TJ210.4  |b .I57 1988 
082 0 |a 629.8/92/0321  |2 19 
245 0 0 |a International encyclopedia of robotics :  |b applications and automation /  |c Richard C. Dorf, editor-in-chief ; Shimon Y. Nof, consulting editor. 
264 1 |a New York :  |b Wiley,  |c [1988] 
264 4 |c ©1988 
300 |a 3 volumes :  |b illustrations ;  |c 29 cm. 
336 |a text  |b txt  |2 rdacontent 
337 |a unmediated  |b n  |2 rdamedia 
338 |a volume  |b nc  |2 rdacarrier 
500 |a "A Wiley-Interscience publication." 
504 |a Includes bibliographies and index. 
650 0 |a Robotics  |x Dictionaries. 
700 1 |a Dorf, Richard C. 
700 1 |a Nof, Shimon Y.,  |d 1946- 
999 |a MARS 
999 f f |s d2d759e2-666d-30e3-948d-eaa021e0637f  |i a610220f-3050-32de-8419-b6570de5dcdf  |t 0 
952 f f |p ric  |a Texas A&M University  |b Rellis Campus  |c Joint Library Facility  |d Remote Storage  |t 0  |e TJ210.4 .I57 1988  |h Library of Congress classification  |i unmediated -- volume  |k v.2  |m A14812555351 
952 f f |p ric  |a Texas A&M University  |b Rellis Campus  |c Joint Library Facility  |d Remote Storage  |t 0  |e TJ210.4 .I57 1988  |h Library of Congress classification  |i unmediated -- volume  |k v.1  |m A14812555301 
952 f f |p ric  |a Texas A&M University  |b Rellis Campus  |c Joint Library Facility  |d Remote Storage  |t 0  |e TJ210.4 .I57 1988  |h Library of Congress classification  |i unmediated -- volume  |k v.3  |m A14812555408 
998 f f |a TJ210.4 .I57 1988  |s v.1-v.3  |t 0  |l Remote Storage